| 000 | 00488nam a2200181Ia 4500 | ||
|---|---|---|---|
| 003 | LK-CoDNM | ||
| 008 | 010623t1929 xxu||||| |||| 00| 1 sin d | ||
| 040 |
_aLK-CoDNM _dLK-CoDNM _eLK-CoDNM |
||
| 041 | _asin | ||
| 080 | _a104 I 13 | ||
| 100 | _aRathanajoti Thero,Yatihalagala. | ||
| 245 | _aතිස්ස සහ මහානාග | ||
| 246 | _aThissa Saha Mahanaga | ||
| 260 |
_bP.K.W.Siriwardana _aColombo _c1929 |
||
| 300 | _b40p, 21 cm | ||
| 500 | _aSri Katha No.2 | ||
| 942 | _cBK | ||
| 999 |
_c94839 _d94839 |
||